Closest Capitals by Lake Quiz - Statistics

General Stats
  • This quiz has been taken 211 times
  • The average score is 12 of 24
Answer Stats
mile Lake km Capital % Correct
44 Geneva 71 Bern
96%
237 Erie 381 Ottawa
93%
14 Dead 23 Jerusalem
92%
30 Titicaca 48 La Paz
87%
25 Nicaragua 41 Managua
85%
264 Baikal 425 Ulaanbaatar
84%
59 Galilee 95 Damascus
69%
53 Balaton 85 Budapest
51%
78 Neagh 126 Dublin
51%
39 Tanganyika 63 Gitega
48%
192 Ladoga 309 Helsinki
47%
239 Okeechobee 384 Nassau
45%
92 Vänern 149 Oslo
44%
23 Constance 37 Vaduz
41%
1146 Argentino 1844 Santiago
40%
152 Balkhash 245 Bishkek
38%
51 Volta 83 Accra
36%
96 Van 155 Yerevan
34%
45 Ohrid 73 Tirana
28%
87 Peipus 141 Tallinn
20%
182 Toba 294 Kuala Lumpur
15%
200 Tana 323 Addis Ababa
13%
37 Biwa 59 Tokyo
12%
33 Enriquillo 53 Port-au-Prince
7%
No matching quizzes found
Score Distribution
Percent of People with Each Score
Percentile by Number Answered
Your Score History
You have not taken this quiz